Introduction to psychology : (Record no. 161425)
[ view plain ]
| 000 -LEADER | |
|---|---|
| fixed length control field | 00582nam a2200205 a 4500 |
| 008 - FIXED-LENGTH DATA ELEMENTS--GENERAL INFORMATION | |
| fixed length control field | |
| 020 ## - INTERNATIONAL STANDARD BOOK NUMBER | |
| International Standard Book Number | 0863771394(pbk) |
| 049 ## - LOCAL HOLDINGS (OCLC) | |
| Holding library | MAIN |
| 090 ## - LOCALLY ASSIGNED LC-TYPE CALL NUMBER (OCLC); LOCAL CALL NUMBER (RLIN) | |
| Classification number (OCLC) (R) ; Classification number, CALL (RLIN) (NR) | BF121 |
| 003 - CONTROL NUMBER IDENTIFIER | |
| control field | |
| 005 - DATE AND TIME OF LATEST TRANSACTION | |
| control field | 20230123134159.0 |
| 040 ## - CATALOGING SOURCE | |
| Transcribing agency | NUST |
| 245 10 - TITLE STATEMENT | |
| Title | Introduction to psychology : |
| Remainder of title | [edited by]Ilona Roth. |
| Number of part/section of a work | VOL 2. |
| 260 ## - PUBLICATION, DISTRIBUTION, ETC. | |
| Place of publication, distribution, etc. | London, : |
| Name of publisher, distributor, etc. | Lawrence Erlbaum Association Ltd, |
| Date of publication, distribution, etc. | 1990. |
| 300 ## - PHYSICAL DESCRIPTION | |
| Extent | vi, 861 p.: |
| Other physical details | ill. ; |
| Dimensions | 25cm. |
| 500 ## - GENERAL NOTE | |
| General note | Includes index. |
| 650 #1 - SUBJECT ADDED ENTRY--TOPICAL TERM | |
| Topical term or geographic name entry element | Psychology |
| 907 ## - LOCAL DATA ELEMENT G, LDG (RLIN) | |
| a | .b10195488 |
| b | 10-03-06 |
| c | 10-03-06 |
| 942 ## - ADDED ENTRY ELEMENTS (KOHA) | |
| Koha item type | Ordinary Loan Books |
| Call number prefix | BF121 |
| Date last seen | Total Checkouts | Full call number | Barcode | Cost, replacement price | Price effective from | Koha item type | Lost status | Source of classification or shelving scheme | Damaged status | Not for loan | Collection | Withdrawn status | Home library | Current library | Shelving location | Date acquired | Cost, normal purchase price |
|---|---|---|---|---|---|---|---|---|---|---|---|---|---|---|---|---|---|
| 01/23/2023 | 26 | BF121 INT | 92003034494 | 80.00 | 01/23/2023 | BOOKS | LCC | NFIC | MAIN | MAIN | GEN | 01/23/2023 | 80.00 |